000 00605nam a2200229Ia 4500
003 OSt
005 20220928144934.0
006 a|||||r|||| 00| 0
007 ta
008 220927b |||||||| |||| 00| 0 eng d
024 _a77267
037 _cTextual
040 _aSDCL
_cSDCL
_beng
041 _2eng
_aeng
082 _aV73'N, J9
100 _aBarck O T J R
_9510572
245 0 _aSince 1900
_b A history of the United States in our times.
260 _c1959
700 _a Blane N M
_9510573
942 _hV73'N, J9
_cTEXL
_2CC
999 _c830664
_d830664